00326nam a2200121Ia 4500008004100000041000800041082001400049100002000063245004500083260003700128300003000165365000900195240624s9999 xx 000 0 und d aeng a658.8 SEX aSEXTON DONALD E aVALUE ABOVE COST DRIVING SUPERIOR FINANC c2009aNew JerseybWharton School axx, : 344 : p. : cm. ; 23 cb30